[Event "Kaluga Tsiolkovsky Memorial op"]
[Site "Kaluga"]
[Date "2016.08.13"]
[Round "7"]
[White "Ulybyshev, Petr"]
[Black "Danielian, Manvel"]
[Result "0-1"]
[WhiteElo "1049"]
[BlackElo "1352"]
[PlyCount "26"]
[EventDate "2016.08.06"]
[EventType "swiss"]
[EventRounds "9"]
[EventCountry "RUS"]
[SourceTitle "CBM 174 Extra"]
[Source "ChessBase"]
[SourceDate "2016.10.10"]
[SourceVersion "1"]
[SourceVersionDate "2016.10.10"]
[SourceQuality "1"]

1. e4 e5 2. Nf3 Nc6 3. Bc4 h6 4. 0-0 Nf6 5. Nc3 Bc5 6. d3 d6 7. h3 0-0 8. Be3 Bxe3 9. fxe3 Be6 10. Bb3 Bxb3 11. axb3 Qe7 12. d4 exd4 13. exd4 Nxe4 0-1